Sets, logic, and categories /

Bibliographic Details
Main Author: Cameron, Peter J. (Peter Jephson), 1947-
Format: Book
Language:English
Published: London ; New York : Springer, [1999]
Series:Springer undergraduate mathematics series.
Subjects:

MARC

Tag First Indicator Second Indicator Subfields
LEADER 00000cam a2200000 a 4500
001 in00001514821
005 20151021094636.0
008 980701s1999 enka b 001 0 eng
010 |a  98029309  
015 |a GB99-18096 
020 |a 1852330562 (pbk. : alk. paper) 
035 |a (OCoLC)39455919 
035 |9 AJK6855AM 
040 |a DLC  |c DLC  |d UKM  |d OHX  |d TXA  |d UtOrBLW 
049 |a TXAM 
050 0 0 |a QA248  |b .C17 1999 
072 7 |a QA  |2 lcco 
082 0 0 |a 511.3/22  |2 21 
100 1 |a Cameron, Peter J.  |q (Peter Jephson),  |d 1947- 
245 1 0 |a Sets, logic, and categories /  |c Peter J. Cameron. 
264 1 |a London ;  |a New York :  |b Springer,  |c [1999] 
264 4 |c ©1999 
300 |a x, 180 pages :  |b illustrations ;  |c 24 cm. 
336 |a text  |b txt  |2 rdacontent 
337 |a unmediated  |b n  |2 rdamedia 
338 |a volume  |b nc  |2 rdacarrier 
490 1 |a Springer undergraduate mathematics series 
504 |a Includes bibliographical references (pages 175-176) and index. 
650 0 |a Set theory. 
650 0 |a Logic, Symbolic and mathematical. 
650 0 |a Categories (Mathematics) 
650 4 |a Set theory. 
650 4 |a Categories (Mathematics) 
650 4 |a Logic, Symbolic and mathematical. 
830 0 |a Springer undergraduate mathematics series. 
948 |a c:ce 
999 |a MARS 
999 f f |s 491f7f8e-1b81-3fe2-9ff8-ff1fb4eb1af2  |i e2ff24e8-9d9d-3fcf-8282-42dd06bce81f  |t 0 
952 f f |p normal  |a Texas A&M University  |b College Station  |c Sterling C. Evans Library  |d Evans: Library Stacks  |t 0  |e QA248 .C17 1999  |h Library of Congress classification  |i unmediated -- volume  |m A14825243727 
998 f f |a QA248 .C17 1999  |t 0  |l Evans: Library Stacks